Estadística minera de Chile en 1908 i 1909

-д хадгалсан:
Номзүйн дэлгэрэнгүй
Үндсэн зохиолч: Yunge, Guillermo (Зохиогч)
Формат: Ном
Хэл сонгох:испани
Хэвлэсэн: Santiago Universo 1910
Нөхцлүүд:
Шошгууд: Шошго нэмэх
Шошго байхгүй, Энэхүү баримтыг шошголох эхний хүн болох!

MARC

LEADER 00000nam a2200000 a 4500
001 UCO4196
003 CL-VaPUC
008 000728e19100000CL |||||||||||||||||spa|d
082 0 4 |a 310.983  |b YUN  |2 21 
100 0 |a Yunge, Guillermo  |e author  |9 448419 
245 1 0 |a Estadística minera de Chile en 1908 i 1909 
300 |a v 
942 |c BK 
945 |d 20000728 00:00:00  |a crobeson 
260 |a Santiago  |b Universo  |c 1910 
650 7 |a ESTADISTICAS COMERCIALES  |2 CL-VaPUC  |9 430465 
650 7 |a MINERIA 1908-1909  |2 CL-VaPUC  |9 448420 
651 7 |a CHILE  |2 CL-VaPUC  |9 448421 
583 |a last modification  |c 20000728 00:00:00  |k Rodrigo Vera 
999 |c 290261  |d 290259 
952 |0 0  |1 0  |4 0  |6 310_983000000000000_YUN_1910  |7 0  |8 X  |9 339587  |a BIBHIS  |b BIBHIS  |d 2019-11-20  |h v.4  |i 1211757  |o 310.983 YUN 1910  |p 1211757  |r 2024-01-30  |w 2019-11-20  |y BK_X  |k HIS